000 00828nam a2200277Ia 4500
003 OSt
005 20220928102059.0
006 a|||||r|||| 00| 0
007 ta
008 220927b |||||||| |||| 00| 0 eng d
020 _c320
024 _a106351
037 _b592, 18/02/2010, Total Books India
_cTextual
040 _aSDCL
_cSDCL
_beng
041 _2eng
_aeng
082 _aD6,8(B289C), P7
100 _aRath Amiya Kumar
_9393352
245 0 _aData structures using C.
250 _a2
260 _aChennai
_bScitech Publications
_c2007
300 _a1419p+ various pagination
_ccm.
650 _aI I C
700 _a Jagadev Alok Kumar
_9393354
942 _hD6,8(B289C), P7
_cTEXL
_2CC
999 _c712200
_d712200